000
00273nam a2200109Ia 4500
008
230320s9999||||xx |||||||||||||| ||spa||
082
_a
193/S31E
100
_a
Schopenhauer, Arturo
245
0
_a
Estudios De Historia Filosófica
260
_b
Epaña moderna
942
_8
0
_c
LIB
999
_c
26364
_d
26364